| 000 | 004150000a22001810004500 | ||
|---|---|---|---|
| 999 |
_c47767 _d47767 |
||
| 001 | 558 | ||
| 003 | CO-MdFUSB | ||
| 005 | 20170818163940.0 | ||
| 008 | 170818b xxu||||| |||| 00| 0 eng d | ||
| 020 | _a958-04-1657-5 | ||
| 040 | _cCO-MdBIC | ||
| 082 | 0 | 4 | _a863C W170bm |
| 245 | 1 | 0 | _aEl barco de Mickey |
| 260 | _aSantafé de Bogotá : Norma | ||
| 300 | _a32 p. | ||
| 650 | 1 | 4 | _aLiteratura Infantil |
| 942 | _cLGB | ||